000
00316 a2200133 4500
000
nam a22 7a 4500
100
_a
Gwidon, Stachowiak
110
_a
Gwidon, Stachowiak
245
_a
Engineering Tribology
250
_a
latest edition
260
_b
Elsevier
_c
2025
264
_b
Elsevier
_c
2025
942
_c
BK
999
_c
397091
_d
397091